[Event "23rd European Teams"]
[Site "Terme Catez SLO"]
[Date "2021.11.12"]
[Round "1.1"]
[Board "1"]
[White "Mastrovasilis, Dimitrios"]
[Black "Grischuk, Alexander"]
[Result "1/2-1/2"]
[WhiteTitle "GM"]
[BlackTitle "GM"]
[WhiteElo "2619"]
[BlackElo "2773"]
[WhiteTeam "Greece"]
[BlackTeam "Russia"]
[WhiteFideId "4202694"]
[BlackFideId "4126025"]
[EventDate "2021.11.12"]

1. e4 e5 2. Nf3 Nc6 3. Nc3 Nf6 4. d4 exd4 5. Nxd4 Bb4 6. Nxc6 bxc6 7. Bd3 d5 8.
Bd2 O-O 9. O-O Bxc3 10. Bxc3 dxe4 11. Bxf6 Qxf6 12. Bxe4 Qxb2 13. Bxc6 Rb8 14.
Rb1 Qxb1 15. Qxb1 Rxb1 16. Rxb1 Rd8 17. Bf3 Kf8 18. Rb8 Re8 19. h4 Ba6 20. Rb3
Re1+ 21. Kh2 Re5 22. Rc3 Be2 23. Bxe2 Rxe2 24. Kg3 Re4 25. Rxc7 Ra4 26. c4 Rxa2
27. c5 a5 28. Ra7 a4 29. c6 Rc2 30. c7 Ke8 31. Rxa4 1/2-1/2

[Event "23rd European Teams"]
[Site "Terme Catez SLO"]
[Date "2021.11.12"]
[Round "1.1"]
[Board "2"]
[White "Alekseenko, Kirill"]
[Black "Banikas, Hristos"]
[Result "1-0"]
[WhiteTitle "GM"]
[BlackTitle "GM"]
[WhiteElo "2710"]
[BlackElo "2592"]
[WhiteTeam "Russia"]
[BlackTeam "Greece"]
[WhiteFideId "4135539"]
[BlackFideId "4202031"]
[EventDate "2021.11.12"]

1. e4 c5 2. Nf3 d6 3. d4 cxd4 4. Nxd4 Nf6 5. Nc3 a6 6. f3 e5 7. Nb3 Be6 8. Be3
Be7 9. Qd2 Nbd7 10. g4 O-O 11. O-O-O b5 12. g5 Nh5 13. Nd5 Bxd5 14. exd5 f6 15.
gxf6 Rxf6 16. Na5 Qe8 17. Nc6 Nf4 18. Kb1 Bd8 19. c4 Bb6 20. cxb5 axb5 21. Bxb5
Kh8 22. a4 Bxe3 23. Qxe3 Nc5 24. Qa3 Qg6+ 25. Ka2 Qf7 26. Nxe5 Qg8 27. Nd7 Nxd5
28. Kb1 Nxd7 29. Bxd7 Nb6 30. Bb5 Qf7 31. Rhe1 h6 32. Rd4 d5 33. Qe7 Rxf3 34.
Qxf7 Rxf7 35. Re6 Rb8 36. b3 Na8 37. Re8+ Rxe8 38. Bxe8 Rf1+ 39. Kc2 Nc7 40. Bg6
Rf6 41. Bd3 g5 42. b4 Rc6+ 43. Kd2 Rd6 44. b5 1-0

[Event "23rd European Teams"]
[Site "Terme Catez SLO"]
[Date "2021.11.12"]
[Round "1.1"]
[Board "3"]
[White "Kourkoulos-Arditis, Stamatis"]
[Black "Artemiev, Vladislav"]
[Result "1/2-1/2"]
[WhiteTitle "IM"]
[BlackTitle "GM"]
[WhiteElo "2524"]
[BlackElo "2699"]
[WhiteTeam "Greece"]
[BlackTeam "Russia"]
[WhiteFideId "4221990"]
[BlackFideId "24101605"]
[EventDate "2021.11.12"]

1. d4 d5 2. c4 c6 3. Nf3 Nf6 4. e3 Bf5 5. Nc3 e6 6. Nh4 Bg6 7. Be2 Nbd7 8. O-O
Bd6 9. g3 Qe7 10. Qb3 Rb8 11. Bd2 O-O 12. Nxg6 hxg6 13. Qc2 dxc4 14. Bxc4 c5 15.
Rfe1 Nb6 16. Bf1 cxd4 17. exd4 Qd7 18. Nb5 Nc8 19. Qb3 a6 20. Nc3 Ne7 21. Bh3
Bc7 22. Rad1 Ned5 23. Bg5 Rfe8 24. Bxf6 gxf6 25. Ne4 Qb5 26. Qxb5 axb5 27. Nc5
Ba5 28. Re2 Red8 29. Bg2 Bb6 30. Red2 b4 31. Rd3 f5 32. Bf3 Ba5 33. Rb3 Rd6 34.
Nd3 Rbd8 35. Ne5 Rc8 36. Nd3 Rcd8 37. Nc5 Rb8 38. Kg2 g5 39. h3 Kg7 40. Rc1 Kh7
41. Nd3 Rbd8 42. Rc5 b6 43. Rc1 Kg7 44. Ne5 f6 45. Nd3 Ne7 46. Nxb4 Rxd4 47. Nc6
Nxc6 48. Rxc6 1/2-1/2

[Event "23rd European Teams"]
[Site "Terme Catez SLO"]
[Date "2021.11.12"]
[Round "1.1"]
[Board "4"]
[White "Esipenko, Andrey"]
[Black "Kelires, Andreas"]
[Result "1-0"]
[WhiteTitle "GM"]
[BlackTitle "GM"]
[WhiteElo "2713"]
[BlackElo "2535"]
[WhiteTeam "Russia"]
[BlackTeam "Greece"]
[WhiteFideId "24175439"]
[BlackFideId "5900727"]
[EventDate "2021.11.12"]

1. e4 c5 2. Nf3 d6 3. d4 cxd4 4. Nxd4 Nf6 5. Nc3 a6 6. Bg5 Nbd7 7. Qe2 Qc7 8.
O-O-O e6 9. g4 h6 10. Bd2 e5 11. Nf5 b5 12. Bg2 g6 13. Ne3 Bb7 14. h4 b4 15.
Ncd5 Nxd5 16. exd5 a5 17. h5 Ba6 18. Qe1 Nc5 19. Kb1 Bg7 20. Bf1 Bxf1 21. Nxf1
Rc8 22. Ng3 O-O 23. hxg6 Nd3 24. cxd3 Qc2+ 25. Ka1 e4 26. Rb1 Qa4 27. Qxe4 Rfe8
28. gxf7+ Kxf7 29. Qf4+ Kg8 30. Nf5 1-0

[Event "23rd European Teams"]
[Site "Terme Catez SLO"]
[Date "2021.11.12"]
[Round "1.2"]
[Board "1"]
[White "Mamedyarov, Shakhriyar"]
[Black "Vocaturo, Daniele"]
[Result "1-0"]
[WhiteTitle "GM"]
[BlackTitle "GM"]
[WhiteElo "2765"]
[BlackElo "2632"]
[WhiteTeam "Azerbaijan"]
[BlackTeam "Italy"]
[WhiteFideId "13401319"]
[BlackFideId "813192"]
[EventDate "2021.11.12"]

1. d4 Nf6 2. c4 e6 3. Nc3 Bb4 4. e3 O-O 5. Bd3 d5 6. a3 Bxc3+ 7. bxc3 dxc4 8.
Bxc4 c5 9. Nf3 Qc7 10. Be2 b6 11. Bb2 Bb7 12. O-O Nc6 13. c4 Rad8 14. Re1 Ne7
15. Qb3 Ng4 16. g3 Nf6 17. Rad1 Nc6 18. dxc5 bxc5 19. Qc2 Ne7 20. Rxd8 Rxd8 21.
Rd1 Rxd1+ 22. Qxd1 Nd7 23. Qd3 f6 24. Nd2 Qc6 25. f3 Qc7 26. Kf2 Bc6 27. Bc3 Nf5
28. f4 Nd6 29. e4 Nb7 30. Bg4 Kf7 31. e5 f5 32. Be2 Qd8 33. Nb3 g6 34. Bd2 Be4
35. Qc3 Qc7 36. Be3 Bc6 37. g4 Qd8 38. Kg3 fxg4 39. Bxg4 Qb6 40. h4 Be4 41. Nd2
Bf5 42. Bf3 Na5 43. h5 Nb8 44. Ne4 Bxe4 45. Bxe4 Nbc6 46. hxg6+ hxg6 47. Kg4 Ne7
48. Qd3 Qc7 49. Qd6 Qc8 50. Qxc5 Nxc4 51. Qxa7 Nxe3+ 52. Qxe3 Qd8 53. Qh3 Qd1+
54. Kg5 Qg1+ 55. Bg2 Qf2 56. Bf3 Qg1+ 57. Bg4 Ke8 58. a4 Kd7 59. a5 Kc7 60. Qh7
Kd8 61. a6 Qb6 62. Qh8+ Kc7 63. Qe8 Nf5 64. a7 Qxa7 65. Qf7+ 1-0

[Event "23rd European Teams"]
[Site "Terme Catez SLO"]
[Date "2021.11.12"]
[Round "1.2"]
[Board "2"]
[White "Moroni, Luca Jr"]
[Black "Mamedov, Rauf"]
[Result "0-1"]
[WhiteTitle "GM"]
[BlackTitle "GM"]
[WhiteElo "2580"]
[BlackElo "2673"]
[WhiteTeam "Italy"]
[BlackTeam "Azerbaijan"]
[WhiteFideId "865834"]
[BlackFideId "13401653"]
[EventDate "2021.11.12"]

1. e4 c5 2. Nf3 d6 3. d4 cxd4 4. Nxd4 Nf6 5. Nc3 Nc6 6. Bg5 e6 7. Qd3 Qb6 8.
O-O-O Qxd4 9. Qxd4 Nxd4 10. Rxd4 a6 11. Be2 Bd7 12. Rhd1 Bc6 13. Bh4 Be7 14. Bg3
e5 15. Rc4 h5 16. h3 h4 17. Bh2 Rc8 18. Nd5 Nxd5 19. exd5 Bd7 20. Rxc8+ Bxc8 21.
c4 Bf5 22. b4 Kd7 23. Kb2 Rc8 24. f4 exf4 25. Bxf4 Be4 26. Kb3 f5 27. Bd3 Bxd3
28. Rxd3 g5 29. Be3 b5 30. c5 dxc5 31. bxc5 Bxc5 32. Bxg5 Rg8 33. Bxh4 Rxg2 34.
Bg3 Re2 35. h4 a5 36. a4 Re4 37. Rc3 bxa4+ 38. Kc2 Bb6 39. Rc6 Bd8 40. Rd6+ Ke7
41. Re6+ Rxe6 42. dxe6 Kxe6 43. Kb2 Kf6 44. Ka3 Kg6 45. Kxa4 Kh5 46. Be1 f4 47.
Kb5 0-1

[Event "23rd European Teams"]
[Site "Terme Catez SLO"]
[Date "2021.11.12"]
[Round "1.2"]
[Board "3"]
[White "Guseinov, Gadir"]
[Black "Valsecchi, Alessio"]
[Result "1-0"]
[WhiteTitle "GM"]
[BlackTitle "GM"]
[WhiteElo "2665"]
[BlackElo "2527"]
[WhiteTeam "Azerbaijan"]
[BlackTeam "Italy"]
[WhiteFideId "13401378"]
[BlackFideId "818860"]
[EventDate "2021.11.12"]

1. e4 c6 2. Nf3 d5 3. d3 dxe4 4. dxe4 Qxd1+ 5. Kxd1 Nf6 6. Nbd2 Nfd7 7. Nb3 e5
8. Be3 a5 9. a4 Na6 10. Bc4 f6 11. Ke2 Nb4 12. Rhc1 b6 13. Nfd2 Bd6 14. c3 Na6
15. Be6 Bc7 16. Nc4 Ke7 17. Bh3 Nab8 18. Nbd2 Rd8 19. b4 axb4 20. cxb4 b5 21.
axb5 Rxa1 22. Rxa1 cxb5 23. Ra7 Na6 24. Nb6 Nxb6 25. Bxb6 Kd6 26. Bxc8 Bxb6 27.
Rxa6 Kc7 28. Be6 Rd4 29. Ra3 Kd6 30. Bg8 Rxb4 31. Bxh7 Rb2 32. Rb3 Ra2 33. Rxb5 1-0

[Event "23rd European Teams"]
[Site "Terme Catez SLO"]
[Date "2021.11.12"]
[Round "1.2"]
[Board "4"]
[White "Sonis, Francesco"]
[Black "Abasov, Nijat"]
[Result "0-1"]
[WhiteTitle "IM"]
[BlackTitle "GM"]
[WhiteElo "2536"]
[BlackElo "2634"]
[WhiteTeam "Italy"]
[BlackTeam "Azerbaijan"]
[WhiteFideId "895733"]
[BlackFideId "13402960"]
[EventDate "2021.11.12"]

1. d4 d5 2. c4 e6 3. Nc3 c6 4. e4 dxe4 5. Nxe4 Bb4+ 6. Bd2 Qxd4 7. Bxb4 Qxe4+ 8.
Be2 Na6 9. Ba5 b6 10. Qd6 Bd7 11. Bc3 f6 12. O-O-O O-O-O 13. Qa3 Kb7 14. Bf3
Qf4+ 15. Rd2 Qc7 16. Ne2 e5 17. Rhd1 Nh6 18. b4 Nb8 19. b5 Bg4 20. bxc6+ Nxc6
21. Bd5 Bxe2 22. Rxe2 Nf5 23. Red2 Ne7 24. Bf3 Rxd2 25. Rxd2 Rd8 26. Rxd8 Qxd8
27. Bb4 Kc7 28. c5 Nd5 29. cxb6+ axb6 30. Bd2 f5 31. Bd1 Qh4 32. Bb3 Qd4 33. Qf8
Qa1+ 34. Kc2 Nd4+ 35. Kd3 Qf1# 0-1

[Event "23rd European Teams"]
[Site "Terme Catez SLO"]
[Date "2021.11.12"]
[Round "1.3"]
[Board "1"]
[White "Ragger, Markus"]
[Black "Firouzja, Alireza"]
[Result "0-1"]
[WhiteTitle "GM"]
[BlackTitle "GM"]
[WhiteElo "2668"]
[BlackElo "2770"]
[WhiteTeam "Austria"]
[BlackTeam "France"]
[WhiteFideId "1610856"]
[BlackFideId "12573981"]
[EventDate "2021.11.12"]

1. e4 c6 2. Nf3 d5 3. Nc3 Bg4 4. h3 Bxf3 5. Qxf3 e6 6. Be2 d4 7. Nb1 Ne7 8. h4
h5 9. d3 Ng6 10. Qh3 a5 11. f4 e5 12. fxe5 Nxe5 13. O-O Nbd7 14. Nd2 Bd6 15. a4
Nf6 16. Nf3 Neg4 17. Bg5 Qd7 18. Nd2 Nh7 19. Nc4 Nxg5 20. hxg5 Bh2+ 21. Kh1 Bc7
22. Bxg4 Qxg4 23. Rf3 O-O 24. e5 Rae8 25. Qxg4 hxg4 26. Rg3 b5 27. Nd2 Rxe5 28.
Rxg4 Re2 29. Nf3 c5 30. Rc1 bxa4 31. Kg1 Rb8 32. Kf1 Re6 33. Nd2 Rxb2 34. Nc4
Rb8 35. Kf2 Rbe8 36. Rh4 Re2+ 37. Kf3 g6 38. Re4 R2xe4 39. dxe4 Rb8 40. Ke2 Kg7
41. Ra1 Rh8 42. Kf3 Rb8 43. Ke2 Rb4 44. Kd3 Kf8 45. Rf1 Ke7 46. Ra1 Ke6 47. Rf1
Bd8 48. Ra1 Bxg5 49. Nxa5 f5 50. exf5+ gxf5 51. Nc6 Rb6 52. Na5 Kd5 53. Nc4 Rg6
54. Rf1 f4 55. Rh1 Bh4 56. Rh3 Rxg2 57. Nb6+ Kc6 58. Rxh4 Rg3+ 59. Kd2 Kxb6 0-1

[Event "23rd European Teams"]
[Site "Terme Catez SLO"]
[Date "2021.11.12"]
[Round "1.3"]
[Board "2"]
[White "Vachier-Lagrave, Maxime"]
[Black "Dragnev, Valentin"]
[Result "1-0"]
[WhiteTitle "GM"]
[BlackTitle "GM"]
[WhiteElo "2766"]
[BlackElo "2548"]
[WhiteTeam "France"]
[BlackTeam "Austria"]
[WhiteFideId "623539"]
[BlackFideId "1634852"]
[EventDate "2021.11.12"]

1. e4 c5 2. Nf3 d6 3. Nc3 Nf6 4. h3 a6 5. a4 Nc6 6. d4 cxd4 7. Nxd4 g6 8. Be3
Bg7 9. g3 O-O 10. Bg2 Bd7 11. O-O Ne5 12. g4 Rc8 13. Nde2 b5 14. b3 Bc6 15. axb5
axb5 16. Nd5 e6 17. Nxf6+ Bxf6 18. f4 Nd7 19. Ra6 Nb8 20. Ra7 Re8 21. Qd2 Re7
22. Rxe7 Bxe7 23. f5 exf5 24. exf5 Bxg2 25. Kxg2 Nd7 26. Nc3 Qa5 27. Nd5 Qxd2+
28. Bxd2 Bd8 29. c3 Ra8 30. Be3 Bh4 31. Bd4 Ra2+ 32. Kf3 f6 33. Nc7 Nc5 34. b4
Nb3 35. Be3 Nd2+ 36. Bxd2 Rxd2 37. Ke4 Kg7 38. Rf3 Be1 39. Rd3 Re2+ 40. Kd5 gxf5
41. gxf5 Re5+ 42. Kc6 1-0

[Event "23rd European Teams"]
[Site "Terme Catez SLO"]
[Date "2021.11.12"]
[Round "1.3"]
[Board "3"]
[White "Blohberger, Felix"]
[Black "Lagarde, Maxime"]
[Result "1/2-1/2"]
[WhiteTitle "IM"]
[BlackTitle "GM"]
[WhiteElo "2490"]
[BlackElo "2647"]
[WhiteTeam "Austria"]
[BlackTeam "France"]
[WhiteFideId "1632051"]
[BlackFideId "662399"]
[EventDate "2021.11.12"]

1. e4 e5 2. Nf3 Nc6 3. Bb5 f5 4. d3 fxe4 5. dxe4 Nf6 6. O-O Bc5 7. Bxc6 bxc6 8.
Nxe5 O-O 9. Nc3 d6 10. Nd3 Bd4 11. Nb4 Bc5 12. Nd3 Bd4 13. Nb4 Bc5 14. Nd3 Bd4 1/2-1/2

[Event "23rd European Teams"]
[Site "Terme Catez SLO"]
[Date "2021.11.12"]
[Round "1.3"]
[Board "4"]
[White "Moussard, Jules"]
[Black "Shengelia, David"]
[Result "1/2-1/2"]
[WhiteTitle "GM"]
[BlackTitle "GM"]
[WhiteElo "2632"]
[BlackElo "2513"]
[WhiteTeam "France"]
[BlackTeam "Austria"]
[WhiteFideId "642908"]
[BlackFideId "13601270"]
[EventDate "2021.11.12"]

1. e4 c6 2. d4 d5 3. e5 c5 4. Nf3 cxd4 5. Nxd4 Nc6 6. Nxc6 bxc6 7. Bd3 Qc7 8.
Qe2 e6 9. O-O Ne7 10. Nd2 Ng6 11. f4 Be7 12. b3 O-O 13. Bb2 a5 14. a4 c5 15. c4
d4 16. Rf3 f5 17. exf6 Rxf6 18. g3 Bb7 19. Be4 Ra6 20. Re1 Rb6 21. Bc1 Rf8 22.
Qd3 Bxe4 23. Rxe4 Rfb8 24. Qe2 Qc6 25. Rf1 Bf6 26. Re1 e5 27. Qg4 exf4 28. gxf4
Nf8 29. Qf3 Qd7 30. Ba3 Qf5 31. h3 d3 32. Bc1 Bc3 33. Qxd3 Bxd2 34. Bxd2 Rxb3
35. Qd5+ Qxd5 36. cxd5 Rd3 37. Bxa5 Rxd5 38. Bc3 Rb3 39. R1e3 Ng6 40. Kf2 Kf7
41. a5 Ra3 42. Be1 Ra1 43. Rb3 Rd7 44. Rc4 Ra2+ 45. Kf3 Ra1 46. Bc3 Rf1+ 47. Ke3
Ne7 48. Ke2 Rh1 49. Rxc5 Rxh3 50. a6 Nd5 51. Rb7 Nxc3+ 52. Rxc3 Rh2+ 53. Ke3
Rxb7 54. axb7 Rb2 55. Rc7+ Kf6 56. Kd4 h5 57. Kc5 Kf5 58. Rf7+ Ke4 59. Rd7 Rc2+
60. Kb4 Rc1 61. Rxg7 Rb1+ 62. Kc3 Kxf4 63. Rc7 Ke5 64. Kc2 Kd6 65. Rh7 Rb5 66.
Rxh5 Rxb7 1/2-1/2

[Event "23rd European Teams"]
[Site "Terme Catez SLO"]
[Date "2021.11.12"]
[Round "1.4"]
[Board "1"]
[White "Duda, Jan-Krzysztof"]
[Black "Hillarp Persson, Tiger"]
[Result "1-0"]
[WhiteTitle "GM"]
[BlackTitle "GM"]
[WhiteElo "2756"]
[BlackElo "2528"]
[WhiteTeam "Poland"]
[BlackTeam "Sweden"]
[WhiteFideId "1170546"]
[BlackFideId "1700812"]
[EventDate "2021.11.12"]

1. e4 c5 2. Nf3 d6 3. d4 cxd4 4. Nxd4 Nf6 5. Nc3 a6 6. h3 e6 7. g4 Be7 8. g5
Nfd7 9. Be3 b5 10. a3 Bb7 11. h4 Nc6 12. Rg1 O-O 13. h5 Nc5 14. Qg4 Ne5 15. Qg2
Rc8 16. f4 Nc4 17. Bxc4 bxc4 18. O-O-O Qb6 19. f5 Rb8 20. f6 Bd8 21. fxg7 Kxg7
22. g6 Bf6 23. Rdf1 fxg6 24. hxg6 Qxb2+ 25. Kxb2 Bxe4+ 26. Ka2 Bxg2 27. gxh7 Kh8
28. Rxg2 Bg7 29. Rfg1 Rb7 30. Nde2 Kxh7 31. Bd4 Rff7 32. Rg4 1-0

[Event "23rd European Teams"]
[Site "Terme Catez SLO"]
[Date "2021.11.12"]
[Round "1.4"]
[Board "2"]
[White "Blomqvist, Erik"]
[Black "Piorun, Kacper"]
[Result "0-1"]
[WhiteTitle "GM"]
[BlackTitle "GM"]
[WhiteElo "2542"]
[BlackElo "2634"]
[WhiteTeam "Sweden"]
[BlackTeam "Poland"]
[WhiteFideId "1709437"]
[BlackFideId "1130420"]
[EventDate "2021.11.12"]

1. e4 c6 2. d4 d5 3. exd5 cxd5 4. Bd3 Nc6 5. c3 Qc7 6. h3 g6 7. Nf3 Bf5 8. Be2
Nf6 9. O-O Bg7 10. Be3 h6 11. Re1 Rd8 12. Nbd2 O-O 13. Rc1 g5 14. b4 a6 15. a4
e6 16. b5 axb5 17. axb5 Ne7 18. Ne5 Ne4 19. Nxe4 dxe4 20. Nc4 Nd5 21. Bd2 Bg6
22. Bf1 f5 23. Qb3 f4 24. Qc2 Bh7 25. Rxe4 Nf6 26. Rce1 Nxe4 27. Rxe4 Qd7 28.
Bd3 Bxe4 29. Bxe4 Qxb5 30. Nb2 Ra8 31. Nd3 Qa4 32. Qxa4 Rxa4 33. Bxb7 Bxd4 34.
cxd4 Rxd4 35. Nc5 Rxd2 36. Nxe6 Re8 37. Nc5 Re1+ 38. Kh2 Kg7 0-1

[Event "23rd European Teams"]
[Site "Terme Catez SLO"]
[Date "2021.11.12"]
[Round "1.4"]
[Board "3"]
[White "Moranda, Wojciech"]
[Black "Johansson, Linus"]
[Result "1-0"]
[WhiteTitle "GM"]
[BlackTitle "IM"]
[WhiteElo "2623"]
[BlackElo "2479"]
[WhiteTeam "Poland"]
[BlackTeam "Sweden"]
[WhiteFideId "1122401"]
[BlackFideId "1711113"]
[EventDate "2021.11.12"]

1. d4 Nf6 2. c4 e6 3. Nf3 b6 4. g3 Ba6 5. Qc2 Bb4+ 6. Bd2 Be7 7. e4 d5 8. cxd5
Bxf1 9. Kxf1 exd5 10. e5 Ne4 11. Nc3 Nxd2+ 12. Nxd2 Qd7 13. f4 Nc6 14. Nf3 g6
15. Rc1 Nd8 16. Ne2 c5 17. Kg2 h5 18. dxc5 bxc5 19. Rhd1 Rb8 20. b3 d4 21. Qe4
h4 22. Kf2 Qg4 23. Rc4 Ne6 24. Ra4 Kf8 25. Rxa7 Ng5 26. Nxg5 hxg3+ 27. hxg3 Rh2+
28. Ke1 Bxg5 29. e6 fxe6 30. Qe5 Rxe2+ 31. Qxe2 Qxg3+ 32. Qf2 Qxf4 33. Qxf4+
Bxf4 34. Ke2 e5 35. Rh1 Kg8 36. Kd3 g5 37. Rhh7 Re8 38. Ke4 Rd8 39. a4 g4 40.
Rag7+ Kf8 41. Rxg4 Rd6 42. Rgg7 1-0

[Event "23rd European Teams"]
[Site "Terme Catez SLO"]
[Date "2021.11.12"]
[Round "1.5"]
[Board "1"]
[White "Christiansen, Johan-Sebastian"]
[Black "McShane, Luke J"]
[Result "1-0"]
[WhiteTitle "GM"]
[BlackTitle "GM"]
[WhiteElo "2582"]
[BlackElo "2667"]
[WhiteTeam "Norway"]
[BlackTeam "England"]
[WhiteFideId "1512668"]
[BlackFideId "404853"]
[EventDate "2021.11.12"]

1. e4 e5 2. Nf3 Nc6 3. d4 exd4 4. Nxd4 Bc5 5. Be3 Qf6 6. c3 Nge7 7. Bc4 h5 8.
O-O Ne5 9. Bb3 a6 10. Nd2 d6 11. Qe2 Ng4 12. h3 Qg6 13. hxg4 hxg4 14. Bf4 Nc6
15. Qe3 Ne5 16. Rfd1 Bd7 17. Nf1 O-O-O 18. Ng3 f6 19. Qd2 Qh7 20. Kf1 Bb6 21.
Be6 g5 22. Bxd7+ Rxd7 23. Be3 Nc4 24. Qc2 Qf7 25. Ndf5 Nxe3+ 26. Nxe3 Qe6 27.
Qb3 Qe5 28. Rd5 Qe8 29. Nxg4 Rdh7 30. Ke2 Rh4 31. Nxf6 Qg6 32. Rf5 Kb8 33. Nd7+
Ka7 34. Qf7 Qh6 35. Rf6 1-0

[Event "23rd European Teams"]
[Site "Terme Catez SLO"]
[Date "2021.11.12"]
[Round "1.5"]
[Board "2"]
[White "Jones, Gawain C B"]
[Black "Urkedal, Frode Olav Olsen"]
[Result "1-0"]
[WhiteTitle "GM"]
[BlackTitle "GM"]
[WhiteElo "2654"]
[BlackElo "2569"]
[WhiteTeam "England"]
[BlackTeam "Norway"]
[WhiteFideId "409561"]
[BlackFideId "1506102"]
[EventDate "2021.11.12"]

1. e4 e5 2. Nf3 Nc6 3. Bc4 Nf6 4. Ng5 d5 5. exd5 Na5 6. Bb5+ c6 7. dxc6 bxc6 8.
Bd3 Nd5 9. Nf3 Bd6 10. O-O Nf4 11. Nc3 Nxd3 12. cxd3 O-O 13. Ne4 Re8 14. d4 exd4
15. Nxd6 Qxd6 16. Qa4 Qd5 17. d3 Bf5 18. Bf4 Bxd3 19. Rfd1 Nc4 20. Qb3 Be2 21.
Rxd4 Qb5 22. h4 Qxb3 23. axb3 Nxb2 24. Ra2 c5 25. Rd5 Nd3 26. Rxe2 Nxf4 27.
Rxe8+ Rxe8 28. Rxc5 Rb8 29. Rc7 a5 30. Ra7 Ne2+ 31. Kh2 Nc1 32. Nd4 g6 33. h5
Kg7 34. f4 Rb6 35. h6+ Kxh6 36. Rxf7 Nxb3 37. Nf3 g5 38. Nxg5 Ra6 39. Nf3 Nc5
40. g4 Ne4 41. Re7 Nf6 42. Kg3 Ng8 43. g5+ Kh5 44. Rxh7+ Kg6 45. Rb7 Kf5 46.
Rb5+ Ke4 47. Re5+ Kd3 48. Re8 a4 49. Ne5+ Ke4 50. Nc6+ Kf5 51. Nd4+ 1-0

[Event "23rd European Teams"]
[Site "Terme Catez SLO"]
[Date "2021.11.12"]
[Round "1.5"]
[Board "3"]
[White "Hauge, Lars Oskar"]
[Black "Howell, David W L"]
[Result "1-0"]
[WhiteTitle "IM"]
[BlackTitle "GM"]
[WhiteElo "2490"]
[BlackElo "2648"]
[WhiteTeam "Norway"]
[BlackTeam "England"]
[WhiteFideId "1509276"]
[BlackFideId "410608"]
[EventDate "2021.11.12"]

1. e4 c6 2. d4 d5 3. e5 Bf5 4. g4 Be4 5. f3 Bg6 6. e6 Qd6 7. exf7+ Bxf7 8. Nc3
Nd7 9. f4 e6 10. Be3 h5 11. g5 Ne7 12. Qd2 Qc7 13. O-O-O Bg6 14. Nf3 Nf5 15. Bd3
Bb4 16. a3 Bxc3 17. Qxc3 O-O 18. Bd2 b6 19. Rde1 Rfe8 20. Re2 Qd6 21. Rhe1 a5
22. Ne5 Nxe5 23. Rxe5 Kf7 24. Qb3 Rab8 25. c3 c5 26. Qa4 Re7 27. dxc5 bxc5 28.
Qxa5 c4 29. Bxf5 Bxf5 30. Be3 Reb7 31. Re2 Kg6 32. Bd4 Rc8 33. Qa4 h4 34. Qd1
Ra8 35. Qe1 Ra6 36. Qxh4 Qf8 37. Qe1 Kh7 38. g6+ Bxg6 39. Qh4+ Kg8 40. Rg5 Rxa3
41. Rxg6 Ra1+ 42. Kd2 Qf5 43. Qd8+ Kh7 44. Rh6+ gxh6 45. Qh8+ Kg6 46. Rg2+ Kh5
47. Rg5+ Qxg5 48. fxg5 Rxb2+ 49. Ke3 Kg4 50. h3+ Kxh3 51. Qxh6+ Kg2 52. Qh4 Rf1
53. Qg4+ Kh1 54. Qh3+ Kg1 55. Qxe6 Rff2 56. Qg4+ Kf1 57. Qd1+ Kg2 58. g6 Rb8 59.
Qg4+ Kf1 60. Qh3+ Ke1 61. Qh1+ Rf1 62. Qh2 Re8+ 63. Be5 d4+ 64. cxd4 1-0

[Event "23rd European Teams"]
[Site "Terme Catez SLO"]
[Date "2021.11.12"]
[Round "1.6"]
[Board "1"]
[White "Giri, Anish"]
[Black "Jobava, Baadur"]
[Result "1-0"]
[WhiteTitle "GM"]
[BlackTitle "GM"]
[WhiteElo "2774"]
[BlackElo "2582"]
[WhiteTeam "Netherlands"]
[BlackTeam "Georgia"]
[WhiteFideId "24116068"]
[BlackFideId "13601520"]
[EventDate "2021.11.12"]

1. e4 c6 2. d4 d5 3. e5 Bf5 4. Nf3 e6 5. Be2 c5 6. Be3 cxd4 7. Nxd4 Ne7 8. O-O
Nd7 9. g4 Bg6 10. f4 Nc6 11. Nxc6 bxc6 12. f5 Qb8 13. fxg6 hxg6 14. Bf4 Bc5+ 15.
Kg2 Nxe5 16. Nc3 g5 17. Bg3 f6 18. Na4 Bd6 19. c4 Ke7 20. Qc2 Rh6 21. Rac1 Qh8
22. cxd5 cxd5 23. Rf3 Rd8 24. Rb3 Rd7 25. Qc8 Qh7 26. Nc5 Bxc5 27. Qxc5+ Kf7 28.
Qc8 Qe4+ 29. Bf3 Qd4 30. Bxe5 Qd2+ 31. Kg1 1-0

[Event "23rd European Teams"]
[Site "Terme Catez SLO"]
[Date "2021.11.12"]
[Round "1.6"]
[Board "2"]
[White "Sanikidze, Tornike"]
[Black "Van Foreest, Jorden"]
[Result "0-1"]
[WhiteTitle "GM"]
[BlackTitle "GM"]
[WhiteElo "2458"]
[BlackElo "2701"]
[WhiteTeam "Georgia"]
[BlackTeam "Netherlands"]
[WhiteFideId "13602608"]
[BlackFideId "1039784"]
[EventDate "2021.11.12"]

1. d4 Nf6 2. c4 e6 3. Nf3 Bb4+ 4. Bd2 a5 5. Nc3 b6 6. g3 Ba6 7. b3 O-O 8. Bg2 c6
9. a3 Be7 10. Bf4 d5 11. Ne5 Nfd7 12. Nxd7 Nxd7 13. O-O Rc8 14. cxd5 cxd5 15.
Qd2 g5 16. Be3 f5 17. Rfc1 h6 18. f3 Bd6 19. Bf2 Qe7 20. Qb2 Nf6 21. Bf1 Rc7 22.
e3 Bxf1 23. Kxf1 g4 24. f4 Qd7 25. a4 Rfc8 26. Nb5 Rc6 27. Be1 Ne4 28. Rab1 Bb4
29. Rxc6 Rxc6 30. Rc1 h5 31. Rxc6 Qxc6 32. Na7 Qd7 33. Nb5 h4 34. gxh4 Bxe1 35.
Kxe1 Qg7 36. Qg2 Kh7 37. Kd1 Kh6 38. Kc1 Kh5 39. Kb2 Qe7 40. Nc3 Nxc3 41. Kxc3
Qb4+ 42. Kc2 Qa3 43. Qg3 Qa2+ 44. Kc3 Qe2 45. Qg1 Kxh4 46. Qg3+ Kh5 47. Qg1 Qa2
48. Qg3 Qb1 49. Qf2 Qa1+ 50. Kd3 Qc1 51. Qe2 Qg1 52. h3 Kh4 53. hxg4 fxg4 54. e4
g3 55. exd5 g2 56. dxe6 Qb1+ 57. Kc4 g1=Q 0-1

[Event "23rd European Teams"]
[Site "Terme Catez SLO"]
[Date "2021.11.12"]
[Round "1.6"]
[Board "3"]
[White "Warmerdam, Max"]
[Black "Paichadze, Luka"]
[Result "0-1"]
[WhiteTitle "GM"]
[BlackTitle "GM"]
[WhiteElo "2608"]
[BlackElo "2551"]
[WhiteTeam "Netherlands"]
[BlackTeam "Georgia"]
[WhiteFideId "1048104"]
[BlackFideId "13602934"]
[EventDate "2021.11.12"]

1. e4 c6 2. Nf3 d5 3. Nc3 g6 4. d4 Bg7 5. e5 Nh6 6. h3 O-O 7. Bd3 f6 8. Bf4 Nf7
9. exf6 exf6 10. O-O Re8 11. Qd2 Nd7 12. Rae1 Nf8 13. Rxe8 Qxe8 14. Re1 Be6 15.
Ne2 Qd7 16. Ng3 b6 17. b3 c5 18. dxc5 bxc5 19. Qa5 Qc6 20. a4 f5 21. h4 c4 22.
Bf1 cxb3 23. cxb3 d4 24. Bb5 Qc3 25. b4 d3 26. Bd2 Qb3 27. Qa6 Bd5 28. Bxd3 Rd8
29. Rb1 Qa2 30. Bg5 Rd6 31. Qb5 a6 32. Qe8 Bxf3 33. gxf3 Rxd3 34. Re1 Nxg5 35.
hxg5 Rxf3 36. Re2 Qd5 37. Re7 Rd3 38. Ne2 Rd1+ 39. Kh2 f4 40. f3 Rd2 0-1